Régions du Portugal - Mort Subite - Statistiques

Statistiques générales
  • Ce quiz a été pris 86 fois
  • Le résultat moyen est 3 sur 9
Answers on the Grid
Answers color-coded by a green-red scale on the quiz's grid according to % correct below.
Oeste e Vale do Tejo
Algarve
Alentejo
Madeira
Açores
Centro
Norte
Grande Lisboa
Peninsula de Setubal
Douro Litoral
Minho
Beira
Sul
Terceira
Graciosa
Flores
Ribatejo
São Miguel
Corvo
Portimao
Faro
Porto e Douro
Coimbra
Viseu Dão Lafões
 
Statistiques - réponses
Réponse % Correct
Algarve
50%
Açores
48%
Norte
45%
Madeira
39%
Alentejo
34%
Centro
34%
Grande Lisboa
27%
Peninsula de Setubal
11%
Oeste e Vale do Tejo
2%
Aucun quiz correspondant
Distribution des résultats
% des personnes avec chaque résultat
Percentile par nombre de réponses
Votre historique - résultats
Vous n’avez pas pris ce quiz